| 000 | 00500 a2200133 4500 | ||
|---|---|---|---|
| 001 | 74688 | ||
| 082 | _a428.1076 JAK | ||
| 090 |
_c39060 _d39060 |
||
| 100 | _aJakeman, V | ||
| 245 |
_aIELTS:3 english for speakers of other languages ; cambridge practice tests ; examination papers from university of cambridge ESOL examinations with answers ( 4 volume set) + CDs _hEnglish |
||
| 260 |
_aLahore _bFrontier Pub Co _c2002 |
||
| 300 | _aiv,172p | ||
| 600 | _auniversity of cambridge ESOL examinations | ||
| 942 |
_aNUST-CAE _k428.1076 JAK |
||
| 999 |
_c309761 _d309761 |
||